La utopía neoliberal como respuesta al subdesarrollo hondureño

সংরক্ষণ করুন:
গ্রন্থ-পঞ্জীর বিবরন
প্রধান লেখক: Hernández Chávez, Alcides
বিন্যাস: পাঠ‍্য
প্রকাশিত: Tegucigalpa
ট্যাগগুলো: ট্যাগ যুক্ত করুন
কোনো ট্যাগ নেই, প্রথমজন হিসাবে ট্যাগ করুন!

MARC

LEADER 00000 a a2200000 04500
001 20913
003
040 |a CRAI/IIS  |c CRAI/IIS 
090 |a 089600  
100 |a Hernández Chávez, Alcides  
245 |a La utopía neoliberal como respuesta al subdesarrollo hondureño  
260 |a Tegucigalpa  
300 |a 31 p.  
999 |c 4125  |d 4125